Estadísticas para Los 8 ríos más caudalosos de España

Haz click aquí para intentar la prueba.

Estadísticas generales

  • Esta prueba ha sido intentada 191 veces
  • La puntuación promedio es 7 de 8

Estadísticas de respuestas

Respuesta% Correcto
Ebro
99%
Guadalquivir
97%
Tajo
97%
Guadiana
90%
Duero
88%
Miño
88%
Segura
71%
Júcar
60%

Distribución de puntuación

Porcentaje por número respondido

Porcentaje de gente con cada puntuación

Historial de tus puntuaciones

No has intentado esta prueba.